Claves internacionales en la transición española

में बचाया:
ग्रंथसूची विवरण
मुख्य लेखकों: Martín García, Oscar José (लेखक), Ortiz Heras, Manuel (लेखक)
स्वरूप: पुस्तक
भाषा:स्पेनिश
प्रकाशित: Madrid, España Los Libros de la Catarata 2010
श्रृंखला:Catarata, 331
विषय:
टैग: टैग जोड़ें
कोई टैग नहीं, इस रिकॉर्ड को टैग करने वाले पहले व्यक्ति बनें!

MARC

LEADER 00000cam a2200000 a 4500
001 UCG8192
003 CL-VaPUC
005 20211026120604.0
008 111124e20100000SP |||||||||||||||||spa|d
999 |c 345821  |d 345819 
020 |a 9788483195161 
040 |c Pontificia Universidad Católica de Valparaíso 
082 0 4 |a 946.08 MAR 2010  |2 21 
100 0 |a Martín García, Oscar José  |e author  |9 559113 
245 1 0 |a Claves internacionales en la transición española 
260 |a Madrid, España  |b Los Libros de la Catarata  |c 2010 
300 |a 326 páginas 
490 0 |a Catarata,  |v  331 
583 |a last modification  |c 20111124 10:35:00  |k Rodrigo Vera 
650 7 |a HISTORIA DE ESPAÑA  |2 CL-VaPUC  |9 559115  |y SIGLO 20 
650 7 |a CRISIS POLITICA  |2 CL-VaPUC  |9 327740  |y SIGLO 20  |z ESPAÑA 
650 0 |a Movimientos revolucionarios  |z ESPAÑA  |9 349711 
650 0 |a Populismo  |z ESPAÑA  |9 403172 
700 0 |a Ortiz Heras, Manuel  |e author  |9 559114 
852 |a BIBCUR 
942 |c BK  |2 ddc 
945 |d 20111124 00:00:00  |a dcastane 
952 |0 0  |1 0  |2 ddc  |4 0  |6 946_080000000000000_MAR_2010  |7 0  |8 A  |9 446103  |a BIBHIS  |b BIBHIS  |d 2019-11-22  |i 4806336  |o 946.08 MAR 2010  |p 4806336  |r 2025-01-20  |t 1  |w 2019-11-22  |y BK  |k HIS